000 01057nam a2200241Ia 4500
005 20240530110954.0
008 140319s2008 xx 000 0 ara d
040 _aGCL /
_cGCL
082 0 4 _a657.46 /
_bم م
100 1 _aمنصور احمد البديوى
245 0 1 _aالمحاسبة الضريبية طبقا للقانون 91 لسنة 2005 :
_bالضريبة على ارباح الاشخاص الاعتبارية - الضريبة على المرتبات - ضريبة المبيعات /
_cمنصور احمد البديوى ، جمال عبدالغنى
260 _aالاسكندرية :
_bالدار الجامعية،
_c2008
300 _a450 ص ؛
_c24 سم
650 0 4 _aالضرائب
650 0 4 _aالمحاسبة الضريبية
650 0 4 _aالضرائب المباشرة
650 0 4 _aالضرائب - محاسبة
650 0 4 _aضربية المبيعات
651 _2القانون
700 _aجمال عبدالغنى
_eمؤلف مشارك
942 _2ddc
_cBK
999 _c67053
_d67053